000 00591aas a2200181 4500
999 _c50110
_d50110
001 768714001
003 CO-MdFUSB
005 20170912152337.0
008 170912s2001 ag ||||| |||| 00| 0 spa d
022 _a0326-6737
040 _aCO-MdFUSB
_bspa
_cCO-MdFUSB
_dCO-MdFUSB
041 _aspa
100 1 _aKrüger, René
_eautor
245 1 0 _aAntisociales, anticomunitarios y asesinos (Santiago 5:1-6)
_c/ Krüger, René
300 _aVolumen 20 (2001), páginas 55-75
_c: 23 cm.
773 0 _tCuadernos de Teología
_049404
_959701
_gVolumen 20 (2001), páginas 55-75
_qPágina 55
942 _cANA